000 00369nam a22001457a 4500
008 230615b ||||| |||| 00| 0 eng d
020 _a9780890420249
041 _aeng
080 _2FOURTH EDITION
_a159.9
082 _a159.9APA
100 _a25
101 _aPSI
245 _aDIAGNOSTIC AND STATISTICAL MANUAL OF MENTAL DISORDERS
_cAMERICAN .P.A
942 _2udc
_cBK
999 _c59984
_d59984